000 00753nmc a2200277 a 4500
003 AR-BaBNM
005 20251128211216.0
008 293020s2001 ||||||||||||||000 | spa||
020 _a84-277-1402-5
040 _cAR-BaBNM
245 1 0 _aEnseñar a estudiar
_baprender a estudiar
260 _aMadrid
_bNarcea
_c2001
300 _a158 p.
_bil., tabls.
490 0 _aHerramientas
504 _aContiene referencias bibliográficas p. 157-158
650 4 _aMETODOS DE ESTUDIO
650 4 _aACTIVIDADES DE LA CLASE
653 _aESTRATEGIAS DIDACTICAS
700 1 _aZenhas, Armanda
700 1 _aSilva, Carla
700 1 _aJanuario, Carlos
700 1 _aMalafaya, Claudia
700 1 _aPortugal, Isabel
942 _cBK
998 _craquel
999 _c18721
_d18721